[Event "RUS-ch blitz (Women)"]
[Site "Sochi"]
[Date "2016.10.04"]
[Round "15.11"]
[White "Abramova, Yulia"]
[Black "Belenkaya, Dina"]
[Result "0-1"]
[WhiteElo "1969"]
[BlackElo "2313"]
[PlyCount "44"]
[EventDate "2016.10.04"]
[EventType "swiss (blitz)"]
[EventRounds "22"]
[EventCountry "RUS"]
[SourceTitle "EXT 2017"]
[Source "ChessBase"]
[SourceDate "2016.10.25"]
[SourceVersion "1"]
[SourceVersionDate "2016.10.25"]
[SourceQuality "1"]

1. e4 c6 2. d4 d5 3. e5 c5 4. c3 Nc6 5. Nf3 Bg4 6. Be2 e6 7. Be3 Nge7 8. Nbd2 cxd4 9. Bxd4 Nf5 10. Qa4 Be7 11. Bb5 Qd7 12. Nb3 Bxf3 13. gxf3 0-0 14. 0-0-0 Rfc8 15. Kb1 a6 16. Bxc6 Rxc6 17. Na5 b5 18. Qb3 Rcc8 19. Rhg1 Rab8 20. Ba7 Qxa7 21. Qc2 b4 22. Rg4 bxc3 0-1

[Event "RUS-ch blitz (Women)"]
[Site "Sochi"]
[Date "2016.10.04"]
[Round "12.13"]
[White "Abramova, Yulia"]
[Black "Berdychevskaya, Natasha"]
[Result "0-1"]
[WhiteElo "1969"]
[BlackElo "2208"]
[PlyCount "90"]
[EventDate "2016.10.04"]
[EventType "swiss (blitz)"]
[EventRounds "22"]
[EventCountry "RUS"]
[SourceTitle "EXT 2017"]
[Source "ChessBase"]
[SourceDate "2016.10.25"]
[SourceVersion "1"]
[SourceVersionDate "2016.10.25"]
[SourceQuality "1"]

1. e4 Nc6 2. Nf3 d6 3. d4 Nf6 4. Nc3 g6 5. Be2 Bg7 6. 0-0 0-0 7. d5 Nb8 8. Bg5 c6 9. Qd2 Qb6 10. Rab1 Nbd7 11. Be3 Qc7 12. Bd4 c5 13. Be3 a6 14. a4 Ng4 15. Bf4 Nge5 16. Nxe5 Nxe5 17. Bh6 Ng4 18. Bxg7 Kxg7 19. f4 f5 20. Bxg4 fxg4 21. Rbe1 Bd7 22. b3 b5 23. Qd3 bxa4 24. Nxa4 Kg8 25. Nb2 a5 26. e5 dxe5 27. fxe5 Rxf1+ 28. Qxf1 Bf5 29. c4 Qb6 30. Re3 Qb4 31. Na4 Qd2 32. Qe1 Qd4 33. Kh1 Rf8 34. Nc3 Bd3 35. Nb5 Rf1+ 36. Qxf1 Qxe3 37. Qd1 Qxe5 38. Kg1 Qe3+ 39. Kh1 Be4 40. Nc7 Qf2 41. Qg1 Qc2 42. Ne6 Qxb3 43. Nxc5 Qxc4 44. Nxe4 Qxe4 45. Qd1 a4 0-1

[Event "RUS-ch blitz (Women)"]
[Site "Sochi"]
[Date "2016.10.04"]
[Round "14.13"]
[White "Abramova, Yulia"]
[Black "Gubernatorova, Lyudmila"]
[Result "1-0"]
[WhiteElo "1969"]
[BlackElo "2200"]
[PlyCount "65"]
[EventDate "2016.10.04"]
[EventType "swiss (blitz)"]
[EventRounds "22"]
[EventCountry "RUS"]
[SourceTitle "EXT 2017"]
[Source "ChessBase"]
[SourceDate "2016.10.25"]
[SourceVersion "1"]
[SourceVersionDate "2016.10.25"]
[SourceQuality "1"]

1. e4 e6 2. d4 d5 3. Nd2 Nf6 4. e5 Nfd7 5. c3 c5 6. Bd3 Nc6 7. Ne2 cxd4 8. cxd4 f6 9. exf6 Nxf6 10. 0-0 Bd6 11. Nf3 Qc7 12. Bd2 0-0 13. Rc1 Bd7 14. Nc3 a6 15. Re1 Rae8 16. Na4 Re7 17. Nc5 Bxc5 18. Rxc5 Qb6 19. Qc2 Nb4 20. Qb3 a5 21. a3 Ng4 22. axb4 Qd6 23. Ne5 a4 24. Qc2 Nf6 25. f4 Be8 26. b5 Bh5 27. Bb4 Qd8 28. Rc1 Ree8 29. Rc7 Kh8 30. Bxf8 Rxf8 31. Rc8 Qe7 32. Rxf8+ Qxf8 33. Qc5 1-0

[Event "RUS-ch blitz (Women)"]
[Site "Sochi"]
[Date "2016.10.04"]
[Round "6.13"]
[White "Abramova, Yulia"]
[Black "Markelova, Lubov"]
[Result "0-1"]
[WhiteElo "1969"]
[BlackElo "2133"]
[PlyCount "120"]
[EventDate "2016.10.04"]
[EventType "swiss (blitz)"]
[EventRounds "22"]
[EventCountry "RUS"]
[SourceTitle "EXT 2017"]
[Source "ChessBase"]
[SourceDate "2016.10.25"]
[SourceVersion "1"]
[SourceVersionDate "2016.10.25"]
[SourceQuality "1"]

1. e4 e6 2. d4 d5 3. Nd2 c5 4. dxc5 Bxc5 5. e5 Nc6 6. Ngf3 Nge7 7. Nb3 Bb6 8. Bf4 0-0 9. Bd3 Ng6 10. Bg3 f5 11. exf6 Qxf6 12. c3 Nf4 13. Bxf4 Qxf4 14. Qc2 g6 15. 0-0 e5 16. Bb5 Bh3 17. Qd2 Qxd2 18. Nbxd2 e4 19. Bxc6 bxc6 20. Nd4 Bd7 21. b4 a5 22. a3 axb4 23. axb4 c5 24. bxc5 Bxc5 25. N2b3 Bd6 26. Rad1 Rab8 27. Ra1 Ra8 28. Rfe1 Ba4 29. Rab1 Rab8 30. Na5 Be5 31. Nb7 Bxd4 32. cxd4 Bc6 33. Nc5 Bb5 34. Rb2 Bc4 35. Reb1 Rxb2 36. Rxb2 e3 37. Ne6 Re8 38. Nf4 e2 39. Nxe2 Rxe2 40. Rb8+ Kg7 41. f3 Re1+ 42. Kf2 Rf1+ 43. Ke3 Re1+ 44. Kf2 Rd1 45. Ke3 Rd3+ 46. Kf4 Rxd4+ 47. Ke5 Rd2 48. g4 Re2+ 49. Kf4 Kf6 50. g5+ Ke6 51. Rb6+ Kd7 52. Rb7+ Kd6 53. Rxh7 d4 54. Rg7 Bd3 55. h4 Bb1 56. Rb7 Bc2 57. Kg4 d3 58. h5 gxh5+ 59. Kxh5 d2 60. Rb6+ Kd5 0-1

[Event "RUS-ch blitz (Women)"]
[Site "Sochi"]
[Date "2016.10.04"]
[Round "3.10"]
[White "Abramova, Yulia"]
[Black "Tomilova, Elena"]
[Result "0-1"]
[WhiteElo "1969"]
[BlackElo "2309"]
[PlyCount "62"]
[EventDate "2016.10.04"]
[EventType "swiss (blitz)"]
[EventRounds "22"]
[EventCountry "RUS"]
[SourceTitle "EXT 2017"]
[Source "ChessBase"]
[SourceDate "2016.10.25"]
[SourceVersion "1"]
[SourceVersionDate "2016.10.25"]
[SourceQuality "1"]

1. e4 e6 2. d4 d5 3. Nd2 c5 4. c3 dxe4 5. Nxe4 cxd4 6. cxd4 Nf6 7. Nc3 Be7 8. Nf3 0-0 9. Bd3 b6 10. 0-0 Bb7 11. Be3 Nd5 12. Ne5 Nd7 13. Qh5 N7f6 14. Qe2 Rc8 15. Rac1 Nxe3 16. fxe3 g6 17. Rf4 Nd5 18. Rf2 Bg5 19. Rf3 Nxc3 20. bxc3 Bxf3 21. Nxf3 Bh6 22. Rf1 Rxc3 23. Ne5 Rc7 24. Be4 Bg7 25. Nc6 Qd6 26. Rc1 Rfc8 27. Qb5 h5 28. Rc2 Kh7 29. Qxh5+ Kg8 30. Qf3 f5 31. Bd3 Rxc6 0-1

[Event "RUS-ch blitz (Women)"]
[Site "Sochi"]
[Date "2016.10.04"]
[Round "16.11"]
[White "Belenkaya, Dina"]
[Black "Abramova, Yulia"]
[Result "1-0"]
[WhiteElo "2313"]
[BlackElo "1969"]
[PlyCount "45"]
[EventDate "2016.10.04"]
[EventType "swiss (blitz)"]
[EventRounds "22"]
[EventCountry "RUS"]
[SourceTitle "EXT 2017"]
[Source "ChessBase"]
[SourceDate "2016.10.25"]
[SourceVersion "1"]
[SourceVersionDate "2016.10.25"]
[SourceQuality "1"]

1. e4 c5 2. Nf3 Nc6 3. Bb5 Nf6 4. Qe2 Qb6 5. e5 Nd5 6. Nc3 Nf4 7. Qf1 Nb4 8. Ba4 Nbd5 9. Nxd5 Nxd5 10. Qc4 e6 11. 0-0 Be7 12. Qg4 g6 13. c4 h5 14. Qe4 Nb4 15. d4 cxd4 16. Nxd4 a6 17. Be3 Qc7 18. Rad1 Rb8 19. Nxe6 fxe6 20. Qxg6+ Kd8 21. Qxe6 d5 22. Qg6 Qxe5 23. Bb6+ 1-0

[Event "RUS-ch blitz (Women)"]
[Site "Sochi"]
[Date "2016.10.04"]
[Round "5.13"]
[White "Markelova, Lubov"]
[Black "Abramova, Yulia"]
[Result "1-0"]
[WhiteElo "2133"]
[BlackElo "1969"]
[PlyCount "63"]
[EventDate "2016.10.04"]
[EventType "swiss (blitz)"]
[EventRounds "22"]
[EventCountry "RUS"]
[SourceTitle "EXT 2017"]
[Source "ChessBase"]
[SourceDate "2016.10.25"]
[SourceVersion "1"]
[SourceVersionDate "2016.10.25"]
[SourceQuality "1"]

1. Nf3 Nf6 2. c4 e6 3. Nc3 d5 4. d4 h6 5. Bf4 c6 6. cxd5 exd5 7. Qc2 Bb4 8. e3 0-0 9. Bd3 Re8 10. 0-0 Nbd7 11. a3 Ba5 12. b4 Bc7 13. Bg3 Bxg3 14. hxg3 Qe7 15. b5 Ne4 16. bxc6 bxc6 17. Ne2 c5 18. Nf4 Bb7 19. Rab1 Rab8 20. Rfc1 c4 21. Bxe4 Qxe4 22. Qxe4 Rxe4 23. Rb5 a6 24. Rb4 g5 25. Nh5 Kf8 26. Rcb1 Ree8 27. Rxb7 Rxb7 28. Rxb7 Nb8 29. Rc7 a5 30. Nf6 Rd8 31. Ne5 Na6 32. Rxf7# 1-0

[Event "RUS-ch blitz (Women)"]
[Site "Sochi"]
[Date "2016.10.04"]
[Round "4.10"]
[White "Tomilova, Elena"]
[Black "Abramova, Yulia"]
[Result "1-0"]
[WhiteElo "2309"]
[BlackElo "1969"]
[PlyCount "75"]
[EventDate "2016.10.04"]
[EventType "swiss (blitz)"]
[EventRounds "22"]
[EventCountry "RUS"]
[SourceTitle "EXT 2017"]
[Source "ChessBase"]
[SourceDate "2016.10.25"]
[SourceVersion "1"]
[SourceVersionDate "2016.10.25"]
[SourceQuality "1"]

1. c4 e6 2. g3 Nf6 3. Bg2 d5 4. Nf3 d4 5. 0-0 Be7 6. d3 c5 7. e3 Nc6 8. exd4 cxd4 9. Re1 0-0 10. a3 a5 11. b3 Qc7 12. Bf4 Bd6 13. Bxd6 Qxd6 14. Nbd2 e5 15. Ng5 Bg4 16. Qc2 Rfe8 17. Nge4 Nxe4 18. Nxe4 Qd7 19. c5 f5 20. Nd6 Re7 21. b4 Rb8 22. b5 Nd8 23. a4 Nf7 24. Bd5 Bh5 25. Qc4 Rf8 26. Nxb7 f4 27. c6 Qh3 28. Bg2 Qc8 29. Nd6 Qc7 30. Ne4 f3 31. Bh3 Kh8 32. Rab1 Nd6 33. Nxd6 Qxd6 34. b6 Qh6 35. c7 Bf7 36. c8Q Rxc8 37. Qxc8+ Re8 38. b7 1-0

[Event "Voronezh Winter Rating op"]
[Site "Voronezh"]
[Date "2015.01.22"]
[Round "4"]
[White "Kholodov, Vladimir"]
[Black "Abramova, Yulia"]
[Result "1/2-1/2"]
[WhiteElo "2002"]
[BlackElo "1997"]
[PlyCount "99"]
[EventDate "2015.01.17"]
[EventType "swiss"]
[EventRounds "9"]
[EventCountry "RUS"]
[SourceTitle "EXT 2017"]
[Source "ChessBase"]
[SourceDate "2016.10.25"]
[SourceVersion "1"]
[SourceVersionDate "2016.10.25"]
[SourceQuality "1"]

1. e4 c5 2. Nf3 Nc6 3. d4 cxd4 4. Nxd4 Nf6 5. Nc3 e6 6. Ndb5 Bc5 7. Nd6+ Ke7 8. Nc4 d5 9. exd5 exd5 10. Qe2+ Be6 11. Ne5 Qb6 12. Nxc6+ bxc6 13. Bd2 Ne4 14. Nxe4 dxe4 15. c3 a5 16. b3 Rhe8 17. Be3 Rad8 18. Rc1 Kf8 19. g3 Rd3 20. Bxc5+ Qxc5 21. Qc2 Bf5 22. Be2 Qd5 23. Rd1 e3 24. f3 Rd2 25. Rxd2 exd2+ 26. Qxd2 Bd3 27. 0-0 Rxe2 28. Qf4 g5 29. Qf6 Re6 30. Qh8+ Ke7 31. Rf2 Qc5 32. Kg2 Qd5 33. c4 Qd6 34. Qc3 g4 35. fxg4 Be4+ 36. Kg1 Qc5 37. Kf1 Qb4 38. Qc1 f6 39. Qh6 Bd3+ 40. Kg2 Kf7 41. g5 Be4+ 42. Kh3 Bg6 43. gxf6 Rxf6 44. Rxf6+ Kxf6 45. Qf4+ Ke6 46. Qe3+ Kd7 47. Qa7+ Kc8 48. Qa8+ Kc7 49. Qa7+ Kd6 50. Qd4+ 1/2-1/2

[Event "Voronezh CC-ch"]
[Site "Voronezh"]
[Date "2014.10.25"]
[Round "8"]
[White "Abramova, Yulia"]
[Black "Kozlov, Sergej A"]
[Result "0-1"]
[WhiteElo "1976"]
[BlackElo "2034"]
[PlyCount "48"]
[EventDate "2014.10.17"]
[EventType "swiss"]
[EventRounds "9"]
[EventCountry "RUS"]
[SourceTitle "CBM 163 Extra"]
[Source "ChessBase"]
[SourceDate "2014.12.23"]
[SourceVersion "1"]
[SourceVersionDate "2014.12.23"]
[SourceQuality "1"]

1. e4 e6 2. d4 d5 3. Nd2 Nc6 4. Ngf3 Nf6 5. e5 Nd7 6. Nb3 a5 7. a4 f6 8. Bb5 Bb4+ 9. c3 Be7 10. 0-0 0-0 11. Re1 fxe5 12. dxe5 Nc5 13. Nbd4 Bd7 14. Bf1 Qe8 15. Nb5 Rc8 16. c4 Qg6 17. Be3 Nb4 18. Nh4 Qc2 19. Qh5 Be8 20. Qg4 Qe4 21. f4 Nc2 22. Nc3 Nxe3 23. Nxd5 Nxg4 24. Nxe7+ Kf7 0-1

[Event "Voronezh CC-ch"]
[Site "Voronezh"]
[Date "2014.10.24"]
[Round "7"]
[White "Ioffe, Ilya"]
[Black "Abramova, Yulia"]
[Result "1/2-1/2"]
[WhiteElo "2093"]
[BlackElo "1976"]
[PlyCount "85"]
[EventDate "2014.10.17"]
[EventType "swiss"]
[EventRounds "9"]
[EventCountry "RUS"]
[SourceTitle "CBM 163 Extra"]
[Source "ChessBase"]
[SourceDate "2014.12.23"]
[SourceVersion "1"]
[SourceVersionDate "2014.12.23"]
[SourceQuality "1"]

1. e4 c5 2. c3 Nf6 3. e5 Nd5 4. d4 cxd4 5. cxd4 Nc6 6. Nf3 d6 7. Bc4 dxe5 8. dxe5 Ndb4 9. Qxd8+ Nxd8 10. Na3 a6 11. 0-0 Ndc6 12. Bf4 b5 13. Be2 Bb7 14. Rfc1 e6 15. Nc2 Nd5 16. Bd2 Rd8 17. Ncd4 Ndb4 18. Nxc6 Nxc6 19. Be3 Rd5 20. a4 Bb4 21. axb5 axb5 22. Rd1 Nxe5 23. Rxd5 Nxf3+ 24. Bxf3 exd5 25. Ra7 Bc6 26. Rc7 Bd7 27. Bxd5 Rf8 28. Bd4 f6 29. g3 Bd6 30. Rb7 Kd8 31. Bb6+ Ke8 32. Ra7 Bb4 33. f4 g6 34. b3 h5 35. Ra2 Ke7 36. Bc7 Rc8 37. Re2+ Kf8 38. Bb6 Bg4 39. Ra2 Bc5+ 40. Bxc5+ Rxc5 41. Be4 g5 42. fxg5 fxg5 43. Kf2 1/2-1/2

[Event "Voronezh CC-ch"]
[Site "Voronezh"]
[Date "2014.10.19"]
[Round "3"]
[White "Vinogradov, Anatoly"]
[Black "Abramova, Yulia"]
[Result "1/2-1/2"]
[WhiteElo "2139"]
[BlackElo "1976"]
[PlyCount "44"]
[EventDate "2014.10.17"]
[EventType "swiss"]
[EventRounds "9"]
[EventCountry "RUS"]
[SourceTitle "CBM 163 Extra"]
[Source "ChessBase"]
[SourceDate "2014.12.23"]
[SourceVersion "1"]
[SourceVersionDate "2014.12.23"]
[SourceQuality "1"]

1. d4 d5 2. c4 Bf5 3. Nc3 e6 4. Nf3 c6 5. Bf4 Nf6 6. e3 Nbd7 7. Be2 Ne4 8. Nxe4 Bxe4 9. Qd2 dxc4 10. Bxc4 Nb6 11. Be2 Nd5 12. 0-0 Bb4 13. Qd1 Nxf4 14. exf4 Qc7 15. Qb3 Bxf3 16. Qxf3 0-0-0 17. Rfd1 Rd5 18. Qg4 g6 19. Bc4 Rd7 20. Rd3 h5 21. Qe2 Rhd8 22. Rad1 Kb8 1/2-1/2

[Event "Voronezh Rating op 03-B"]
[Site "Voronezh"]
[Date "2014.03.29"]
[Round "6"]
[White "Abramova, Yulia"]
[Black "Kozlov, Sergej A"]
[Result "1/2-1/2"]
[WhiteElo "1935"]
[BlackElo "1905"]
[PlyCount "88"]
[EventDate "2014.03.20"]
[EventType "swiss"]
[EventRounds "9"]
[EventCountry "RUS"]
[SourceTitle "EXT 2015"]
[Source "ChessBase"]
[SourceDate "2014.11.20"]
[SourceVersion "1"]
[SourceVersionDate "2014.11.20"]
[SourceQuality "1"]

1. e4 e6 2. d4 d5 3. Nd2 Nc6 4. Ngf3 Nf6 5. e5 Nd7 6. c3 f6 7. exf6 Qxf6 8. Bb5 Bd6 9. 0-0 0-0 10. Nb3 e5 11. Bg5 Qf5 12. dxe5 Ndxe5 13. Nxe5 Nxe5 14. f4 Ng4 15. Bd3 Qf7 16. h3 Ne3 17. Bxh7+ Kxh7 18. Qd3+ Nf5 19. g4 Kg8 20. gxf5 Bxf5 21. Qg3 Rae8 22. Rae1 Qh5 23. h4 Qg4 24. Qxg4 Bxg4 25. Rxe8 Rxe8 26. Kg2 Kf7 27. Rf2 c6 28. Rd2 Re4 29. Kg3 Bc8 30. Nd4 Bc5 31. Nf3 Re3 32. f5 Re8 33. Nd4 Bxd4 34. Rxd4 Bxf5 35. Kf4 Bb1 36. Rb4 b5 37. a4 a6 38. axb5 axb5 39. Kf3 Be4+ 40. Ke3 Kg6 41. Kd4 Bf5 42. Kc5 Rc8 43. Rf4 Bd3 44. Kd6 Bf5 1/2-1/2

[Event "Voronezh Rating op 01"]
[Site "Voronezh"]
[Date "2014.01.18"]
[Round "6"]
[White "Abramova, Yulia"]
[Black "Saprykin, Dmitry"]
[Result "1-0"]
[WhiteElo "1901"]
[BlackElo "1856"]
[PlyCount "53"]
[EventDate "2014.01.10"]
[EventType "swiss"]
[EventRounds "9"]
[EventCountry "RUS"]
[SourceTitle "EXT 2015"]
[Source "ChessBase"]
[SourceDate "2014.11.20"]
[SourceVersion "1"]
[SourceVersionDate "2014.11.20"]
[SourceQuality "1"]

1. e4 d6 2. d4 Nf6 3. Nc3 g6 4. Bg5 Bg7 5. Qd2 c6 6. 0-0-0 0-0 7. f3 b5 8. Bh6 Qa5 9. Bxg7 Kxg7 10. e5 Ne8 11. h4 b4 12. Nb1 h5 13. g4 Rh8 14. gxh5 Rxh5 15. f4 Bg4 16. Be2 f5 17. Bxg4 fxg4 18. Ne2 Qd5 19. Ng3 Rh8 20. h5 b3 21. axb3 c5 22. hxg6 Rh3 23. Rxh3 gxh3 24. Nf5+ Kh8 25. Qf2 Nc6 26. Qh4+ Kg8 27. Qh7+ 1-0

[Event "Voronezh Rating op 01"]
[Site "Voronezh"]
[Date "2014.01.11"]
[Round "2"]
[White "Abramova, Yulia"]
[Black "Sokolovsky, Victor"]
[Result "1-0"]
[WhiteElo "1901"]
[BlackElo "1989"]
[PlyCount "49"]
[EventDate "2014.01.10"]
[EventType "swiss"]
[EventRounds "9"]
[EventCountry "RUS"]
[SourceTitle "EXT 2015"]
[Source "ChessBase"]
[SourceDate "2014.11.20"]
[SourceVersion "1"]
[SourceVersionDate "2014.11.20"]
[SourceQuality "1"]

1. e4 e5 2. Nf3 Nc6 3. d4 exd4 4. Nxd4 Nf6 5. Nxc6 bxc6 6. Bd3 Bc5 7. 0-0 d6 8. Bg5 h6 9. Bf4 g5 10. Bg3 Bg4 11. Be2 h5 12. e5 dxe5 13. Bxe5 Qe7 14. Bxg4 hxg4 15. Re1 Rd8 16. Qe2 Kf8 17. Nc3 Bd6 18. Rad1 Bxe5 19. Rxd8+ Qxd8 20. Qxe5 Qd2 21. Rd1 Qf4 22. Qc5+ Ke8 23. g3 Qf3 24. Rd3 Nd7 25. Rxd7 1-0

[Event "Voronezh Region-ch"]
[Site "Voronezh"]
[Date "2011.12.10"]
[Round "2"]
[White "Kareva, Natalia"]
[Black "Abramova, Yulia"]
[Result "1-0"]
[WhiteElo "2071"]
[BlackElo "2015"]
[PlyCount "83"]
[EventDate "2011.12.09"]
[EventType "swiss"]
[EventRounds "9"]
[EventCountry "RUS"]
[SourceTitle "CBM 146 Extra"]
[Source "ChessBase"]
[SourceDate "2012.02.29"]
[SourceVersion "1"]
[SourceVersionDate "2012.02.29"]
[SourceQuality "1"]

1. d4 Nf6 2. Bg5 Ne4 3. Bf4 d5 4. Nd2 Nf6 5. e3 e6 6. Bd3 c5 7. c3 Nc6 8. h3 Be7 9. Ngf3 0-0 10. 0-0 Bd7 11. Ne5 Rc8 12. Ndf3 Nxe5 13. Nxe5 a6 14. Qe2 c4 15. Bc2 b5 16. g4 Ne4 17. f3 Ng5 18. Bxg5 Bxg5 19. f4 Be7 20. g5 Be8 21. Qg4 Kh8 22. h4 f6 23. Nf3 f5 24. Qh3 Bh5 25. Ne5 Bd6 26. Bd1 Bxe5 27. Bxh5 Bd6 28. Bf3 b4 29. h5 Rb8 30. h6 g6 31. Qg2 Qa5 32. Qc2 Rb5 33. Be2 Rfb8 34. cxb4 Rxb4 35. b3 Qa3 36. Rfc1 R4b6 37. Kf2 Rc6 38. bxc4 dxc4 39. Qc3 Qb2 40. Rab1 Qxa2 41. Rxb8+ Bxb8 42. d5+ 1-0

[Event "Voronezh Region-ch"]
[Site "Voronezh"]
[Date "2011.12.09"]
[Round "1"]
[White "Abramova, Yulia"]
[Black "Klimentov, Roman"]
[Result "0-1"]
[WhiteElo "2015"]
[BlackElo "2282"]
[PlyCount "62"]
[EventDate "2011.12.09"]
[EventType "swiss"]
[EventRounds "9"]
[EventCountry "RUS"]
[SourceTitle "CBM 146 Extra"]
[Source "ChessBase"]
[SourceDate "2012.02.29"]
[SourceVersion "1"]
[SourceVersionDate "2012.02.29"]
[SourceQuality "1"]

1. e4 c5 2. Nf3 Nc6 3. c4 g6 4. d4 cxd4 5. Nxd4 Bg7 6. Nc2 Nf6 7. Nc3 d6 8. Be2 0-0 9. 0-0 Be6 10. Ne3 Rc8 11. Rb1 Nd7 12. Ned5 Bxd5 13. Nxd5 e6 14. Nc3 Nc5 15. Be3 Bxc3 16. bxc3 Nxe4 17. Qc2 Nc5 18. Bh6 Re8 19. Rfd1 Qe7 20. Bf1 b6 21. Rd2 Ne5 22. Rd4 f6 23. Rbd1 g5 24. h4 Nf7 25. hxg5 fxg5 26. Bxg5 Qxg5 27. Be2 Kh8 28. Rg4 Qf5 29. Qd2 Rg8 30. Rf4 Qg5 31. g4 Rcf8 0-1

[Event "Moscow op-E"]
[Site "Moscow"]
[Date "2011.02.05"]
[Round "8.188"]
[White "De Luna Butz, Alberto"]
[Black "Abramova, Yulia"]
[Result "0-1"]
[WhiteElo "1814"]
[BlackElo "2052"]
[PlyCount "100"]
[EventDate "2011.01.29"]
[EventType "swiss"]
[EventRounds "9"]
[EventCountry "RUS"]
[SourceTitle "EXT 2022"]
[Source "ChessBase"]
[SourceDate "2021.10.06"]
[SourceVersion "1"]
[SourceVersionDate "2021.10.06"]
[SourceQuality "1"]

1. d4 d6 2. e4 Nd7 3. Nc3 e5 4. Nf3 Ngf6 5. Bg5 Be7 6. h3 c6 7. a4 Qa5 8. Bd2 Qc7 9. Be2 0-0 10. 0-0 Re8 11. Be3 Nf8 12. d5 a5 13. Bd3 N8d7 14. Nd2 Nb6 15. Nc4 Nxc4 16. Bxc4 Bd7 17. Qe2 Rac8 18. Bd3 cxd5 19. exd5 e4 20. Bb5 Bd8 21. Rac1 Bxb5 22. Nxb5 Qe7 23. c4 Nd7 24. Qg4 Bb6 25. Qg3 Bxe3 26. fxe3 Ne5 27. b3 Rcd8 28. Rc2 Nd3 29. Nd4 Qe5 30. Qg4 h5 31. Qe2 g6 32. Rd2 Kg7 33. Nc2 f5 34. Ne1 Nc5 35. Rb2 Rf8 36. Qd2 Ra8 37. Qd4 Rfe8 38. g3 Kh6 39. Qxe5 Rxe5 40. h4 Rg8 41. Rff2 g5 42. hxg5+ Rxg5 43. Kh2 Rg4 44. Rf4 Nd3 45. Rxg4 fxg4 46. Rb1 Rf5 47. Nxd3 exd3 48. Rd1 Rf2+ 49. Kh1 d2 50. e4 Re2 0-1

[Event "Moscow op-E"]
[Site "Moscow"]
[Date "2011.02.03"]
[Round "6.185"]
[White "Nazarov, Ilya"]
[Black "Abramova, Yulia"]
[Result "1-0"]
[WhiteElo "1881"]
[BlackElo "2052"]
[PlyCount "76"]
[EventDate "2011.01.29"]
[EventType "swiss"]
[EventRounds "9"]
[EventCountry "RUS"]
[SourceTitle "EXT 2022"]
[Source "ChessBase"]
[SourceDate "2021.10.06"]
[SourceVersion "1"]
[SourceVersionDate "2021.10.06"]
[SourceQuality "1"]

1. e4 c5 2. d4 cxd4 3. c3 dxc3 4. Nxc3 e6 5. Bc4 Qc7 6. Bb3 Nf6 7. Nge2 Bb4 8. 0-0 0-0 9. Bf4 e5 10. Bg5 Qc6 11. Rc1 Nxe4 12. Bd5 Nxc3 13. bxc3 Qg6 14. cxb4 Qxg5 15. Rxc8 Rxc8 16. Bxb7 Nc6 17. Qxd7 Qd8 18. Bxc6 Qxd7 19. Bxd7 Rc2 20. Ng3 Rd8 21. Bg4 Rxa2 22. Re1 Kf8 23. Rxe5 Ra1+ 24. Nf1 Rd4 25. Be2 Rxb4 26. g3 a5 27. Kg2 Rb2 28. Bc4 f6 29. Rc5 g6 30. Ne3 a4 31. Rc8+ Ke7 32. Rc7+ Kd6 33. Rxh7 Re1 34. Kf3 Rb4 35. Nc2 Rxc4 36. Nxe1 a3 37. Ra7 Rc3+ 38. Ke2 Kc5 1-0

[Event "Voronezh-ch"]
[Site "Voronezh"]
[Date "2010.03.14"]
[Round "6"]
[White "Abramova, Yulia"]
[Black "Provkin, Vladimir"]
[Result "0-1"]
[WhiteElo "2012"]
[BlackElo "2207"]
[PlyCount "88"]
[EventDate "2010.03.09"]
[EventType "swiss"]
[EventRounds "9"]
[EventCountry "RUS"]
[SourceTitle "CBM 135 Extra"]
[Source "ChessBase"]
[SourceDate "2010.05.04"]
[SourceVersion "1"]
[SourceVersionDate "2010.05.04"]
[SourceQuality "1"]

1. e4 c5 2. Nf3 d6 3. d4 Nf6 4. Nc3 cxd4 5. Qxd4 e5 6. Bb5+ Nbd7 7. Qd3 h6 8. Be3 Be7 9. 0-0 a6 10. Bc4 Qc7 11. a4 0-0 12. Nh4 Nc5 13. Bxc5 dxc5 14. Ng6 Rd8 15. Qg3 Bd6 16. Nd5 Nxd5 17. Bxd5 Kh7 18. Nh4 g6 19. Ra3 Qe7 20. Rf3 Be6 21. Rd1 Bc7 22. c4 b5 23. b3 bxc4 24. bxc4 Rab8 25. Rfd3 Bxd5 26. cxd5 Rb4 27. Qg4 Bd6 28. g3 Rdb8 29. Qe2 Rxa4 30. R3d2 Rbb4 31. f3 Qb7 32. Ng2 Qb5 33. Kf2 Rb3 34. Ne3 c4 35. Ke1 Qc5 36. Nf1 Rab4 37. Rc2 Rb1 38. h4 c3 39. Qe3 Rxd1+ 40. Kxd1 Rb1+ 41. Rc1 Qb5 42. Rxb1 Qxb1+ 43. Qc1 c2+ 44. Kd2 Bb4+ 0-1

[Event "Voronezh-ch"]
[Site "Voronezh"]
[Date "2010.03.13"]
[Round "5"]
[White "Fadin, Evgeny"]
[Black "Abramova, Yulia"]
[Result "1/2-1/2"]
[WhiteElo "2143"]
[BlackElo "2012"]
[PlyCount "29"]
[EventDate "2010.03.09"]
[EventType "swiss"]
[EventRounds "9"]
[EventCountry "RUS"]
[SourceTitle "CBM 135 Extra"]
[Source "ChessBase"]
[SourceDate "2010.05.04"]
[SourceVersion "1"]
[SourceVersionDate "2010.05.04"]
[SourceQuality "1"]

1. e4 e5 2. Nf3 Nc6 3. Bb5 a6 4. Bxc6 dxc6 5. d4 exd4 6. Qxd4 Qxd4 7. Nxd4 Ne7 8. Be3 Ng6 9. Nc3 Ne5 10. 0-0-0 Bd6 11. Rhe1 Nc4 12. g3 0-0 13. Bf4 f6 14. Bxd6 Nxd6 15. f3 1/2-1/2

[Event "Voronezh-ch"]
[Site "Voronezh"]
[Date "2010.03.12"]
[Round "4"]
[White "Abramova, Yulia"]
[Black "Kostin, Alexey"]
[Result "1/2-1/2"]
[WhiteElo "2012"]
[BlackElo "2367"]
[PlyCount "118"]
[EventDate "2010.03.09"]
[EventType "swiss"]
[EventRounds "9"]
[EventCountry "RUS"]
[SourceTitle "CBM 135 Extra"]
[Source "ChessBase"]
[SourceDate "2010.05.04"]
[SourceVersion "1"]
[SourceVersionDate "2010.05.04"]
[SourceQuality "1"]

1. e4 c5 2. Nf3 e6 3. c4 Qc7 4. d4 cxd4 5. Nxd4 a6 6. Nc3 Nc6 7. Be3 Ne5 8. Qe2 d6 9. f4 Nd7 10. Qd2 b6 11. Be2 Bb7 12. b3 Rc8 13. Rc1 Ngf6 14. Bf3 Be7 15. 0-0 Qb8 16. f5 e5 17. Nde2 b5 18. Nd5 Bxd5 19. cxd5 0-0 20. Rc6 Qb7 21. Rfc1 Nb8 22. R6c3 Rxc3 23. Qxc3 Bd8 24. Qc8 Qxc8 25. Rxc8 Ba5 26. Rc2 Rd8 27. a3 Nfd7 28. Nc1 Bb6 29. Bxb6 Nxb6 30. Be2 Rc8 31. Rxc8+ Nxc8 32. a4 bxa4 33. bxa4 Kf8 34. a5 Ke8 35. Na2 Ne7 36. Nb4 Kd8 37. Nxa6 Nd7 38. Kf2 Kc8 39. Ke3 Kb7 40. Nb4 Nc5 41. Bc4 Ng8 42. Nc6 Nf6 43. a6+ Kb6 44. a7 Kb7 45. Bd3 Ng4+ 46. Ke2 Nxh2 47. Nd8+ Kxa7 48. Nxf7 Nb7 49. Ng5 Kb6 50. Ne6 Ng4 51. Nxg7 Kc5 52. Ne6+ Kb4 53. Kf3 Nf6 54. Ba6 Nc5 55. Nxc5 Kxc5 56. Bd3 Kd4 57. Bb1 h6 58. Ke2 Nd7 59. Kd2 Nf6 1/2-1/2